Statistics for Largest Cities in Oregon🦫

Click here to take the quiz!

General Stats

  • This quiz has been taken 16 times
  • The average score is 9 of 15

Answer Stats

PopulationCity% Correct
647,176Portland
100%
173,278Eugene
93%
174,193Salem
93%
97,042Bend
79%
59,407Corvallis
79%
97,466Beaverton
71%
84,894Medford
71%
114,164Gresham
57%
105,909Hillsboro
57%
55,776Albany
50%
62,138Springfield
50%
39,119Keizer
43%
54,750Tigard
36%
52,704Aloha
29%
40,390Lake Oswego
29%

Score Distribution

Percentile by Number Answered

Percent of People with Each Score

Your Score History

You have not taken this quiz